000 00504nam a2200193Ia 4500
005 20240823061557.0
008 240823s9999||||xx |||||||||||||| ||und||
041 _aENGLISH
082 _A658.00818 Q8
100 _aRasananda Mohanty
245 0 _aComputer Applications in Business Accounting
250 _a1st
260 _c2018
_bHimalaya Publishign
500 _aYES
650 _aBusiness Accounting
_bManagement Studies
700 _asanjay kumar satapathy
942 _cBK
999 _c233856
_d233856